000 00589cam a22001933a 4500
001 40641
003 PGUSA
005 20140828083916.0
008 120901s2012||||xxu|||||s|||||000 | eng d
040 _aPGUSA
_beng
042 _adc
245 1 0 _aEncyclopaedia Britannica, 11th Edition, Volume 15, Slice 8 :
_b"Kite-Flying" to "Kyshtym"
_h[electronic resource] /
_cVarious
260 _bProject Gutenberg,
_c2012
506 _aPublic domain in the USA.
516 _aElectronic text
830 0 _aProject Gutenberg
_v40641
856 4 0 _uhttp://www.gutenberg.org/ebooks/40641
942 _cEB
999 _c269894
_d269894